000 01029nam0a22002771i 4500
001 rc\2119105
005 20240726052712.0
035 _a(NLR Aleph) 006622400
090 _a7463603
_c7463603
100 _a20110829d1979 |||y0rusy50 ca
101 0 _arus
102 _aRU
105 _ay d |||||
200 1 _aДиагностика злокачественных опухолей глотки
_e(Клинико-морфол. исслед.)
_eАвтореф. дис. на соиск. учен. степ. канд. мед. наук
210 _aКуйбышев
_d1979
215 _a18 с.
300 _aВ надзаг.: Куйбыш. мед. ин-т им. Д.И. Ульянова
320 _aСписок работ авт.: с. 17-18
333 _aДСП. Экз. № 16
700 1 _aАлиметов
_bХ.А.
_gХалид Аразханович
801 0 _aRU
_bNLR
_gpsbo
801 1 _aRU
_bELAR
_2rusmarc
852 _aNLR
_j79-50К/4892
899 _aRuMoRGB
_jДСП/
899 _aRuMoRGB
_jДр 79/2138
942 _cBOOK